| 000 | 01078nam2a2200205 4500 | ||
|---|---|---|---|
| 001 | RU\NLR\PER_A\002634915_002890 | ||
| 005 | 20250625074941.0 | ||
| 035 | _a(NLR Aleph) 021987952 | ||
| 090 |
_a12418764 _c12418764 |
||
| 100 | _a20230726d2023 |||y0rusy50 ca | ||
| 101 | 0 | _arus | |
| 102 | _aRU | ||
| 200 | 0 | _aТ. 32, № 2 | |
| 210 |
_d2023 _aБ. м. |
||
| 461 | 0 |
_1001RU\NLR\INFOCOMM6\1000473248 _12001#$aПожаровзрывобезопасность$dFire & explosion safety$eНауч.-техн. журн. Ассоц. "Пожнаука" и ВНИИПО МВД РФ$fАссоц. "Пожар. безопасность и наука". Пожнаука$zeng$vТ. 32, № 2 _93734402 _cБалашиха-6 _d1992 - _fАссоц. "Пожар. безопасность и наука". Пожнаука _lFire & explosion safety _oНауч.-техн. журн. Ассоц. "Пожнаука" и ВНИИПО МВД РФ _tПожаровзрывобезопасность _x0869-7493 _vТ. 32, № 2 |
|
| 852 |
_aNLR _jП11/3594 |
||
| 942 | _cISSUE | ||
| 980 | _aNB | ||
| 980 | _aRUSPER | ||